Catalog

Record Details

Catalog Search



Available copies

  • 1 of 1 copy available at LARL/NWRL Consortium.
  • 1 of 1 copy available at Lake Agassiz Regional Library. (Show preferred library)

Current holds

0 current holds with 1 total copy.

Show Only Available Copies
Location Call Number / Copy Notes Barcode Shelving Location Status Due Date
Moorhead Public Library SF GWY (Text) 33500013697826 Main Available -

Record details

  • ISBN: 9780316502245
  • ISBN: 0316502243
  • Physical Description: ix, 492 pages : map ; 24 cm
  • Edition: First U.S. edition.
  • Publisher: New York, NY : Orbit, 2018.

Content descriptions

General Note:
Includes excerpts of The Red Knight by Miles Cameron and Mageborn by Stephen Aryan.
Originally published: London : Pan MacMillan, 2017.
Summary, etc.:
Set in the same world as the Faithful and the ... Read More
Subject: Angels > Fiction.
Magic > Fiction.
Demonology > Fiction.
Imaginary wars and battles > Fiction.
Good and evil > Fiction.
FICTION > Fantasy > Action & Adventure.
FICTION > Fantasy > Epic.
FICTION > Fantasy > Historical.
Angels.
Demonology.
Good and evil.
Imaginary wars and battles.
Magic.
Genre: Fantasy fiction.
Fantasy fiction.
Fiction.
Fantasy fiction.
Fantasy fiction.
LDR 03531cam a2200637 i 4500
001399463
003LARL_NWRL_CONSORTIUM
00520221021190709.0
008171130r20182017nyub 000 1 eng d
010 . ‡a 2017962603
040 . ‡aDAD ‡beng ‡erda ‡cDLC ‡dKLP ‡dORX ‡dJNE ‡dOJ4 ‡dIGA ‡dOCLCF ‡dIMD ‡dDAD ‡dYU6 ‡dP9F ‡dOCLCO ‡dB@L ‡dOCLCO ‡dXOL ‡dOCLCO ‡dW8N ‡dOCLCO ‡dBYV ‡dZQP ‡dOCLCO ‡dOCL ‡dOCLCO ‡dOCLCQ ‡dOCLCO ‡dCNCAR ‡dOCLCO
020 . ‡a9780316502245 ‡q(softcover)
020 . ‡a0316502243 ‡q(softcover)
035 . ‡a(OCoLC)1022703044
042 . ‡alccopycat
08204. ‡a823/.92 ‡223
084 . ‡aFIC009020 ‡aFIC002000 ‡aFIC009030 ‡aFIC009100 ‡2bisacsh
1001 . ‡aGwynne, John, ‡d1968- ‡eauthor.
24512. ‡aA time of dread / ‡cJohn Gwynne.
250 . ‡aFirst U.S. edition.
264 1. ‡aNew York, NY : ‡bOrbit, ‡c2018.
264 4. ‡c©2017
300 . ‡aix, 492 pages : ‡bmap ; ‡c24 cm
336 . ‡atext ‡btxt ‡2rdacontent
337 . ‡aunmediated ‡bn ‡2rdamedia
338 . ‡avolume ‡bnc ‡2rdacarrier
4900 . ‡aOf blood and bone ; ‡v1
500 . ‡aIncludes excerpts of The Red Knight by Miles Cameron and Mageborn by Stephen Aryan.
520 . ‡aSet in the same world as the Faithful and the Fallen quartet, A Time of Dread takes place one hundred years after the end of Wrath. The Banished Lands are experiencing a new era of peace, imposed often forcibly by the angelic Ben-Elim. But this peace is fragile, and something rotten lurks at its heart. Young soldier Rae will do anything to join the White Wings, the Ben-Elim's peace keeping force. But a shocking betrayal shakes her view of the world and she must decide where her true allegiances lie. In the west, the giantess Sig investigates demon sightings with an elite band of warriors, though the Kadoshim were defeated long before. Sig discovers signs of an uprising and black magic - but just how serious is this threat? And in the snow-bound north, Drem and his father hunt for a living. On one excursion, they discover mutilated corpses in the silent forests behind their home. Yet is it the work of a predator, or something far worse? It seems mankind are little more than pawns in a bigger game - and in the shadows, demons bide their time, waiting to strike ...
500 . ‡aOriginally published: London : Pan MacMillan, 2017.
650 0. ‡aAngels ‡vFiction. ‡0(LARL_NWRL_CONSORTIUM)163430
650 0. ‡aMagic ‡vFiction. ‡0(LARL_NWRL_CONSORTIUM)165984
650 0. ‡aDemonology ‡vFiction. ‡0(LARL_NWRL_CONSORTIUM)168972
650 0. ‡aImaginary wars and battles ‡vFiction. ‡0(LARL_NWRL_CONSORTIUM)165215
650 0. ‡aGood and evil ‡vFiction. ‡0(LARL_NWRL_CONSORTIUM)165509
650 7. ‡aFICTION ‡xFantasy ‡xAction & Adventure. ‡2bisacsh
650 7. ‡aFICTION ‡xFantasy ‡xEpic. ‡2bisacsh
650 7. ‡aFICTION ‡xFantasy ‡xHistorical. ‡2bisacsh
650 7. ‡aAngels. ‡2fast ‡0(LARL_NWRL_CONSORTIUM)13493
650 7. ‡aDemonology. ‡2fast ‡0(LARL_NWRL_CONSORTIUM)18386
650 7. ‡aGood and evil. ‡2fast ‡0(LARL_NWRL_CONSORTIUM)21378
650 7. ‡aImaginary wars and battles. ‡2fast ‡0(LARL_NWRL_CONSORTIUM)22729
650 7. ‡aMagic. ‡2fast ‡0(LARL_NWRL_CONSORTIUM)24943
655 4. ‡aFantasy fiction.
655 7. ‡aFantasy fiction. ‡2fast
655 7. ‡aFiction. ‡2fast
655 7. ‡aFantasy fiction. ‡2gsafd
655 7. ‡aFantasy fiction. ‡2lcgft
905 . ‡uvanderl
901 . ‡a399463 ‡b ‡c399463 ‡tbiblio ‡soclc

Additional Resources